000 01045cam a22001934a 4500
005 20250605163305.0
008 250528s ||||||||||||||||||||||||d
035 _a16140
020 _a9603930229
040 _aGR-AtMCL
_bgre
_dGR-AtMCL
_eAACR2
245 1 _aΤο Ιχνογράφημα του Παιδιού / Ως Μέσο και Αντικείμενο Έρευνας στα Χέρια του Εκπαιδευτικού
260 _bΕλληνικά Γράμματα,
_c2000
300 _a184
520 _aΤο βιβλίο αυτό μελετά αναλυτικά και εμπεριστατωμένα το παιδικό ιχνογράφημα. Εισαγωγή, Γενικό Εννοιολογικό Πλαίσιο, Η Ενότητα Άνθρωπος, Η Ενότητα Φύση, Η Ερμηνεία, Τα Διαγνωστικά Ιχνογραφικά Μέσα, Βασικές Συγκρίσεις, Βιβλιογραφία.
700 1 _aΜπέλλας Θρασύβουλος
942 _cBK
999 _c1676
_d1676